5HLuxD.jpg

KING HENRY VIII SENIOR AND PRIMARY SCHOOL LIBRARY OPAC

GOOD DREAM DRAGON (Record no. 5532)

000 -LEADER
fixed length control field 00397nam a22001217a 4500
008 - FIXED-LENGTH DATA ELEMENTS--GENERAL INFORMATION
fixed length control field 250926b ||||| |||| 00| 0 eng d
020 ## - INTERNATIONAL STANDARD BOOK NUMBER
International Standard Book Number 9780316349451
082 ## - DEWEY DECIMAL CLASSIFICATION NUMBER
Classification number 813.00 DAV
100 ## - MAIN ENTRY--PERSONAL NAME
Personal name DAVIS,JACKY
Relator term AUTHOR
Language of a work ENGLISH
245 ## - TITLE STATEMENT
Title GOOD DREAM DRAGON
260 ## - PUBLICATION, DISTRIBUTION, ETC.
Place of publication, distribution, etc. 1290 AVENUE OF THE AMERICAS,NEW YORK,NY 10104
Name of publisher, distributor, etc. CHRISTY OTTAVIANO BOOKS IS AN IMPRINT OF LITTLE,BROWN AND COMPANY
Date of publication, distribution, etc. 2022
942 ## - ADDED ENTRY ELEMENTS (KOHA)
Source of classification or shelving scheme
Holdings
Withdrawn status Lost status Source of classification or shelving scheme Damaged status Not for loan Collection code Permanent Location Current Location Shelving location Date acquired Full call number Barcode Date last seen Price effective from Koha item type Public note
          Fiction KH8 Primary School Library KH8 Primary School Library Fiction 2025-09-26 813.00 DAV KHPL000007226 2025-09-26 2025-09-26 Books - Fiction PRIMARY LIBRARY

Powered By KH8 IT Dept